MARC

LEADER 00000nam0a2200000 4500
001 132894
005 20231101220409.0
035 |a (RuTPU)RU\TPU\book\143907 
090 |a 132894 
100 |a 20080310g1980 km y0rusy50 ca 
101 0 |a rus 
102 |a RU 
105 |a a z 001zy 
200 1 |a Резание металлов керметами  |f А. У. Маргулес 
210 |a Москва  |c Машиностроение  |d 1980 
215 |a 158 с.  |c ил. 
320 |9 572  |a Библиогр.: с.159-160 
606 1 |a Инструменты твердосплавные  |x Производство  |2 stltpush  |3 (RuTPU)RU\TPU\subj\12740  |9 39472 
610 1 |a резание металлов 
610 1 |a керметы 
610 1 |a керамико-металлические материалы 
610 1 |a точение 
610 1 |a стойкость 
610 1 |a качество 
610 1 |a поверхности 
610 1 |a изготовление 
610 1 |a экономическая эффективность 
675 |a 621.9.025.72  |v 3 
700 1 |a Маргулес  |b А. У.  |g Антон Уренович 
801 1 |a RU  |b 63413507  |c 20080204  |g PSBO 
801 2 |a RU  |b 63413507  |c 20210422  |g PSBO 
942 |c BK